00568 a2200181 450000500170000001000150001702000260003203500140005803700130007208200110008510000160009624501170011226000500022927000510027930000240033070000170035470000150037120220324153718.0 aENG-132113 a9789352836369c475.00 aEN-115645 bDBAD/PUB a657.95 aShukla, M C aCorporate Accounting:bAs per B.Com. CBSC Curriculum, University of Delhi/cM C Shukla, T S Grewal and S C Gupta aNew DelhibS Chand And Company Limited c2019 a7361, Ram Nagar, Qutab RoadbNew Delhie110055 axvi, vpc24cm (pbk) aGrewal, T.S. aGupta, S C